000
00328nam a2200121Ia 4500
008
220216s9999 xx 000 0 und d
100
_a
Kittipol Lukchai
245
0
_a
Infrastructure in rubber trading market
260
_b
Rubber International Magazine
_c
2006
300
_a
42-43
650
_a
Rubber trading market
942
_c
JS
999
_c
61391
_d
61391